| 000 | 00941nam a22002417a 4500 | ||
|---|---|---|---|
| 003 | DO-SdBNP | ||
| 005 | 20260428073715.0 | ||
| 007 | ta | ||
| 008 | 220914b |||||||| |||| 00| 0 spa d | ||
| 020 | _a978-99934-31-60-2 | ||
| 040 |
_aDO-SdBNP _bspa _cBNPHU |
||
| 111 | 2 |
_aConcurso Décimas Espinelas: versión 2021-2022 de la Biblioteca Nacional Pedro Henríquez Ureña / _ccoordinador, Ramón Saba _982361 |
|
| 245 |
_a[Obras premiadas] del Concurso Décimas Espinelas: versión 2021-2022 de la Biblioteca Nacional Pedro Henríquez Ureña/ _ccoordinador, Ramón Saba |
||
| 260 |
_aSanto Domingo : _bBNPHU, _c2022 |
||
| 300 |
_a52 p. : _bil., fots., _c2022 |
||
| 490 | 0 | _a Biblioteca Nacional Pedro Henríquez Ureña | |
| 650 | 4 | _aPoesía dominicana | |
| 650 | 4 | _aLiteratura dominicana | |
| 650 | 0 |
_aPremios literarios _91542 |
|
| 650 | 4 |
_aCertámenes literarios _91541 |
|
| 700 | 1 |
_aSaba, Ramón, _ecoord. _971165 |
|
| 942 |
_2ddc _cLBS1 |
||
| 999 |
_c52393 _d52393 |
||